| 000 | 01113cam a22002531 4500 | ||
|---|---|---|---|
| 001 | 000019939 | ||
| 005 | 20200929170211.0 | ||
| 008 | 750625m19601968pr 000 0 spa | ||
| 010 | _a70452601 | ||
| 025 | _aLACAP69-5102 (v.1) | ||
| 035 | _a(OCoLC)1410491 | ||
| 040 |
_aDO-SdBNP _cNNCU-G _dOCoLC _dDLC |
||
| 042 | _apremarc | ||
| 050 | 0 | 0 |
_aPQ7439 _b.M8 1960 |
| 100 | 2 |
_aMunoz Rivera, Luis, _d1859-1916. _942520 |
|
| 245 | 1 | 0 |
_aObras completas. / _cIntrod., notas y recopilacion de Lidio Cruz Monclova. |
| 260 |
_aSan Juan de Puerto Rico, : _bInstituto de Cultura Puertorriquena, _c1960-<1968 >. |
||
| 300 |
_av. <1-7 > ; _c22 cm. |
||
| 505 | 0 | _a[1] Prosa : enero-diciembre, 1893 -- [2] Prosa : septiembre-diciembre, 1895 -- [3] Prosa : enero-diciembre, 1892 -- [4] Prosa : enero-diciembre, 1894 -- [5] Prosa : enero-septiembre, 1896 -- [6] Prosa : febrero-diciembre, 1890 -- [7] Prosa : febrero-diciembre, 1897 -- | |
| 650 | 0 |
_aPuerto rican literature. _939578 |
|
| 700 | 2 |
_aFernandez Mendez, Eugenio, _eed. _916240 |
|
| 700 | 2 |
_aCruz Monclova, Lidio, _ecomp. _939807 |
|
| 910 | _aCatalogación derivada / LC | ||
| 999 |
_c19452 _d19452 |
||